000 00689nas a2200229 4500
001 BR7301824
003 BR-BrBNA
005 20231205082408.0
007 ta
008 230509b bl.|||p| |||| 00| 00por d
040 _aBR-BrBNA
_bpor
_cBiblioteca Nacional de Agricultura
041 _a(Pt)
072 _aD50; E50
100 1 _aMarson, R.
245 1 _aA previdencia social chega para o empregador rural [legislacao]
650 _aLEGISLACAO
650 _aPREVIDENCIA RURAL
650 _aTRABALHADOR RURAL
773 0 _tRevista dos Criadores (Brazil)
_xISSN 0034-9259
_g(Feb 1976), v. 46(553) p. 73-74
_wBR7301824
909 _a202311
_bLúcia
_c55
_dLúcia Elande
942 _2AGRIS
_n0
_cANA
999 _c91434
_d91434